000 00270nam a22001217a 4500
008 170313b xxu||||| |||| 00| 0 eng d
041 _aeng
080 _a531
100 _a7
101 _aSHM
245 _aTHE SECTRET LIFE OF THE FOREST
_cKETCHUM.R.M
942 _2udc
_cBK
999 _c7690
_d7690